000 00750nam a2200181Ia 4500
008 100920s9999 xx 000 0 und d
082 _b59078
_a28 व 930 थ 88
100 _aमंगळवेढेकर राजा.
245 _aहा शोध भारताचा अखेरचा सम्राट.
260 _bअतुल बुक एजन्सी ,पुणे.
_c1988
300 _a78
_bसाधी
365 _b10
520 _aबा. वि. इतिहास.
630 _aहा शोध भारताचा अखेरचा सम्राट.
650 _aबा. वि. इतिहास.
730 _aहा शोध भारताचा अखेरचा सम्राट.
942 _cBOOK
999 _c702566
_d702563